000 00520nam a2200169 a 4500
005 20140311163023.0
008 071022s19uu xx uuu eng d
020 _a9789718838051
050 _aHD 2346.P6
_b.M626 2006
245 _aThe MICROs that roared!.
260 _aUP Campus, Diliman, Quezon City :
_bSmall Enterprises Research Development Foundation, Inc,
_c2006.
300 _a191 p. :
_bill. ;
_c23 cm.
521 _aBSBA
546 _aC8824
650 _aSmall business
_xPhilippines.
942 _cBK
_2lcc
_kLOC
999 _c39501
_d39501